000 00630cab a2200217 4500
001 WB2634-11
008 090401t1990 xxu||||| |||| 00| 0 eng d
035 _a(Sirsi) u51696
041 _aeng
245 _aPollution attacks trees
260 _c1990
350 _a0
490 _aIndependent
_v30/8/90 p2
520 _aAccording to a survey carried out by the United Nations , more than a quarter of Britain`s trees have been badly affected by pollution .
650 _aACID RAIN
650 _aAIR POLLUTION
650 _aFORESTRY
690 _aENVIRONMENTAL AND LAND CONSULTANCY
942 _n0
948 _c04/03/1997
999 _c32079
_d32079